Problemas y técnicas de programación económica / (Registro nro. 5450)

Detalles MARC
000 -LEADER
fixed length control field 01264nam a2200289Ia 4500
003 - CONTROL NUMBER IDENTIFIER
control field OSt
005 - DATE AND TIME OF LATEST TRANSACTION
control field 20200612131855.0
008 - FIXED-LENGTH DATA ELEMENTS--GENERAL INFORMATION
fixed length control field 191128s1970 sp gr 000 0dspa d
040 ## - CATALOGING SOURCE
Original cataloging agency CO-JMCR
Transcribing agency CO-JMCR
041 1# - LANGUAGE CODE
Language code of text/sound track or separate title spa
Language code of original ita
082 04 - DEWEY DECIMAL CLASSIFICATION NUMBER
Classification number 330.124 /
Item number M358p
Edition number 23
100 1# - MAIN ENTRY--PERSONAL NAME
Personal name Marrama, Vittorio,
Relator term autor
9 (RLIN) 5557
245 10 - TITLE STATEMENT
Title Problemas y técnicas de programación económica /
Statement of responsibility, etc. Vittorio Marrama ; traducción de la segunda edición italiana por Francisco Javier Garcia Ruiz y Luis Hernandez Alfonso ; adaptación a la tercera edición italiana por Josefina Culebras Abril
260 ## - PUBLICATION, DISTRIBUTION, ETC.
Place of publication, distribution, etc. Madrid :
Name of publisher, distributor, etc. Aguilar,
Date of publication, distribution, etc. 1970.
300 ## - PHYSICAL DESCRIPTION
Extent 207 páginas ;
Dimensions 21 cm.
490 0# - SERIES STATEMENT
Series statement Biblioteca de ciencias sociales. Sección primera, economía
504 ## - BIBLIOGRAPHY, ETC. NOTE
Bibliography, etc. note Incluye bibliografía al final de cada capítulo.
505 ## - FORMATTED CONTENTS NOTE
Formatted contents note Programación global -- Programación parcial
534 ## - ORIGINAL VERSION NOTE
Introductory phrase Problemi e tecniche di programmazione economica
546 ## - LANGUAGE NOTE
Language note Traducido del italiano
650 14 - SUBJECT ADDED ENTRY--TOPICAL TERM
Topical term or geographic name entry element Planificación económica
9 (RLIN) 3241
650 24 - SUBJECT ADDED ENTRY--TOPICAL TERM
Topical term or geographic name entry element Inversión
General subdivision Bienes de consumo
9 (RLIN) 5558
700 1# - ADDED ENTRY--PERSONAL NAME
Personal name Garcia Ruiz, Francisco Javier,
Relator term traductor
9 (RLIN) 5559
700 1# - ADDED ENTRY--PERSONAL NAME
Personal name Hernandez Alfonso, Luis,
Relator term traductor
9 (RLIN) 5560
700 1# - ADDED ENTRY--PERSONAL NAME
Personal name Culebras Abril, Josefina,
Relator term adaptador
9 (RLIN) 5561
942 ## - ADDED ENTRY ELEMENTS (KOHA)
Source of classification or shelving scheme Dewey Decimal Classification
Koha item type Books
Existencias
Withdrawn status Lost status Source of classification or shelving scheme Materials specified (bound volume or other part) Damaged status Not for loan Home library Current library Shelving location Date acquired Source of acquisition Cost, normal purchase price Total Checkouts Full call number Barcode Date last seen Copy number Price effective from Koha item type
    Dewey Decimal Classification Donación--15/04/2018--     Biblioteca Pública José María del Castillo y Rada Biblioteca Pública José María del Castillo y Rada General Stacks 11/28/2019 Donación 0.00   330.124 / M358p 430001938 05/16/2024 Ej.1 11/28/2019 Books
    Dewey Decimal Classification Donación--15/04/2018--     Biblioteca Pública José María del Castillo y Rada Biblioteca Pública José María del Castillo y Rada General Stacks 11/28/2019 Donación 0.00   330.124 / M358p 430001939 05/16/2024 Ej.2 11/28/2019 Books